Rusko a etnické konflikty na Kaukaze: vojna v Náhornom Karabachu

História ruského expanzionizmu na Kaukaze. Ruské záujmy na Južnom Kaukaze - pohľad z Moskvy. Krátky exkurz do dejín rusko-azerbajdžanských vzťahov. Azerbajdžan v politike Ruska. Politika Ruska v Azerbajdžane v rokoch 1991-1994 a vojna v Náhornom Karabachu. Ruská politika na Kaukaze - dve roviny rus...

Descrizione completa

Salvato in:
Dettagli Bibliografici
Autore principale: Souleimanov, Emil
Altri autori: Ježovicová, Daniela
Natura: Capitolo di libro
Lingua:slovacco
Soggetti:
Tags: Aggiungi Tag
Nessun Tag, puoi essere il primo ad aggiungerne!!

MARC

LEADER 00000naa$a2200000$$$4500
001 0009515
005 20230929114848.2
041 0 |a slo 
044 |a SK 
245 1 0 |a Rusko a etnické konflikty na Kaukaze: vojna v Náhornom Karabachu  |c aut. Emil Soulejmanov ; prekl. Daniela Ježovicová 
520 |a História ruského expanzionizmu na Kaukaze. Ruské záujmy na Južnom Kaukaze - pohľad z Moskvy. Krátky exkurz do dejín rusko-azerbajdžanských vzťahov. Azerbajdžan v politike Ruska. Politika Ruska v Azerbajdžane v rokoch 1991-1994 a vojna v Náhornom Karabachu. Ruská politika na Kaukaze - dve roviny ruského mocenského pôsobenia. Situácia v susednom Arménsku. 
610 2 0 |a konflikty medzinárodné 
610 2 0 |a menšiny národnostné 
610 2 0 |a politika medzinárodná 
610 2 0 |a história 
610 2 0 |a Rusko 
610 2 0 |a Gruzínsko 
610 2 0 |a Azerbajdžan 
610 2 0 |a Arménsko 
100 1 |a Souleimanov, Emil 
700 1 |a Ježovicová, Daniela